Legislació pressupostària / organització i coordinació: Intervenció General, Servei d'Assistència a la Gestió Econòmica Local Intervenció General, Servei d'Assistència a la Gestió Econòmica Local

Descripción Física: 29 cm

MARC

LEADER 00000nam a2200000Ia 4500
001 21929
008 160829s9999 xx 000 0 cat d
080 |a M-6-275 
245 |a Legislació pressupostària / organització i coordinació:  |b  Intervenció General, Servei d'Assistència a la Gestió Econòmica Local 
260 |a Barcelona :  |b Diputació de Barcelona. Àrea d'Hisenda i Recursos Interns. Intervenció General. Direcció de Serveis Econòmics. Servei d'Assistència a la Gestió Econòmica Local, [2009] 
300 |a 29 cm 
590 |a A la coberta: RDL 2/2004 Text refós LLRHL, RD 500/1990 Reglament pressupostari, ORDRE EHA/3565/2008 Estructura pressupostària, RDL 2/2007 Text refós Llei General d'Estabilitat Pressupostària, RD 1463/2007 Reglament Llei general d'Estabilitat Pressupostària, ORDRE ECF/138/2007 Tutela financera 
650 |a Pressupost  |x Dret i legislació  |x Manuals, guies, etc.  |9 36275 
710 1 |a Barcelona (Catalunya : Província).  |b Servei d’Assistència a la Gestió Econòmica Local  |9 53081 
901 |a Arxiu 
942 |n 1 
952 |0 0  |1 0  |4 0  |6 M6275  |7 1  |9 47268  |a Arxiu  |b Arxiu  |d 2016-12-01  |l 0  |o M-6-275  |p 21929  |r 2016-12-01 00:00:00  |w 2016-12-01  |y ARXIU 
999 |c 51065  |d 51065